000 00311nam a2200133Ia 4500
005 20251222155138.0
008 251222s9999||||xx |||||||||||||| ||spa||
082 _aMEQ. 109
100 _aCRUZ, ROJA.
245 0 _aManual de Primeros Auxilios e Linea
250 _a1ra. ed.
264 _bAlbies
942 _cLIB
999 _c39076
_d39076